<?xml version="1.0" encoding="UTF-8"?>
<record
    xmlns:xsi="http://www.w3.org/2001/XMLSchema-instance"
    xsi:schemaLocation="http://www.loc.gov/MARC21/slim http://www.loc.gov/standards/marcxml/schema/MARC21slim.xsd"
    xmlns="http://www.loc.gov/MARC21/slim">

  <leader>01344nam a2200193 a 4500</leader>
  <controlfield tag="001">000012906</controlfield>
  <controlfield tag="003">DO-SdBNP</controlfield>
  <controlfield tag="005">20230921120924.0</controlfield>
  <controlfield tag="008">091118s201u    dr            000 0 spa d</controlfield>
  <datafield tag="040" ind1=" " ind2=" ">
    <subfield code="a">DO-SdBNP</subfield>
    <subfield code="b">spa</subfield>
    <subfield code="c">BNPHU</subfield>
  </datafield>
  <datafield tag="100" ind1="1" ind2=" ">
    <subfield code="a">Bonilla, Santiago</subfield>
    <subfield code="9">29792</subfield>
  </datafield>
  <datafield tag="245" ind1="1" ind2="0">
    <subfield code="a">Manual de lengua espa&#xF1;ola :</subfield>
    <subfield code="b">teor&#xED;a y pr&#xE1;cticas /</subfield>
    <subfield code="c">Santiago Bonilla.</subfield>
  </datafield>
  <datafield tag="260" ind1=" " ind2=" ">
    <subfield code="a">Santo Domingo :</subfield>
    <subfield code="b">B&#xFA;ho,</subfield>
    <subfield code="c">[201-].</subfield>
  </datafield>
  <datafield tag="300" ind1=" " ind2=" ">
    <subfield code="a">243 p. ;</subfield>
    <subfield code="c">28 cm.</subfield>
  </datafield>
  <datafield tag="500" ind1=" " ind2=" ">
    <subfield code="a">Incluye datos biograf&#xED;cos en la contraportada</subfield>
  </datafield>
  <datafield tag="504" ind1=" " ind2=" ">
    <subfield code="a">Bibliograf&#xED;a p: 241-243</subfield>
  </datafield>
  <datafield tag="505" ind1="0" ind2=" ">
    <subfield code="g">unidad 1 --</subfield>
    <subfield code="t">La comunicaci&#xF3;n --</subfield>
    <subfield code="g">unidad 2 --</subfield>
    <subfield code="t">Consideraciones teoricas sobre comunicaci&#xF3;n --</subfield>
    <subfield code="g">unidad 3 --</subfield>
    <subfield code="t">La comunicaci&#xF3;n corporativa --</subfield>
    <subfield code="g">unidad 4 --</subfield>
    <subfield code="t">El p&#xE1;rrafo y su estructura --</subfield>
    <subfield code="g">unidad 5 --</subfield>
    <subfield code="t">M&#xE9;todos de desarrollo del p&#xE1;rrafo --</subfield>
    <subfield code="g">unidad 6 --</subfield>
    <subfield code="t">El resumen --</subfield>
    <subfield code="g">unidad 7 --</subfield>
    <subfield code="t">La exposici&#xF3;n --</subfield>
    <subfield code="g">unidad 8 --</subfield>
    <subfield code="t">El informe --</subfield>
    <subfield code="g">unidad 9 --</subfield>
    <subfield code="t">La carta --</subfield>
    <subfield code="g">unidad 10 --</subfield>
    <subfield code="t">Sistema de fichas --</subfield>
    <subfield code="g">unidad 11 --</subfield>
    <subfield code="t">El comentario --</subfield>
    <subfield code="g">unidad 12 --</subfield>
    <subfield code="t">El ensayo --</subfield>
    <subfield code="g">unidad 13 --</subfield>
    <subfield code="t">La oratoria --</subfield>
    <subfield code="g">unidad 14 --</subfield>
    <subfield code="t">La narraci&#xF3;n --</subfield>
    <subfield code="g">unidad 15 --</subfield>
    <subfield code="t">Modos de expresi&#xF3;n --</subfield>
    <subfield code="g">unidad 16 --</subfield>
    <subfield code="t">Los tipos de lengua --</subfield>
    <subfield code="g">unidad 17 --</subfield>
    <subfield code="t">Los niveles de lengua --</subfield>
    <subfield code="g">unidad 18 --</subfield>
    <subfield code="t">El estilo --</subfield>
    <subfield code="g">unidad 19 --</subfield>
    <subfield code="t">Las im&#xE1;genes art&#xED;sticas --</subfield>
    <subfield code="g">unidad 20 --</subfield>
    <subfield code="t">Figuras literarias --</subfield>
    <subfield code="g">unidad 21 --</subfield>
    <subfield code="t">La descripci&#xF3;n --</subfield>
  </datafield>
  <datafield tag="942" ind1=" " ind2=" ">
    <subfield code="2">ddc</subfield>
    <subfield code="c">LBS1</subfield>
  </datafield>
  <datafield tag="952" ind1=" " ind2=" ">
    <subfield code="0">0</subfield>
    <subfield code="1">0</subfield>
    <subfield code="2">ddc</subfield>
    <subfield code="5">1</subfield>
    <subfield code="7">0</subfield>
    <subfield code="8">PD</subfield>
    <subfield code="a">BNPHU</subfield>
    <subfield code="b">BNPHU</subfield>
    <subfield code="c">HD</subfield>
    <subfield code="d">2009-11-18</subfield>
    <subfield code="l">0</subfield>
    <subfield code="p">12906-10</subfield>
    <subfield code="r">2020-06-25</subfield>
    <subfield code="w">2020-06-25</subfield>
    <subfield code="y">LBS1</subfield>
    <subfield code="Z">No se presta</subfield>
  </datafield>
  <datafield tag="952" ind1=" " ind2=" ">
    <subfield code="0">0</subfield>
    <subfield code="1">0</subfield>
    <subfield code="2">ddc</subfield>
    <subfield code="5">1</subfield>
    <subfield code="7">0</subfield>
    <subfield code="8">PD</subfield>
    <subfield code="a">BNPHU</subfield>
    <subfield code="b">BNPHU</subfield>
    <subfield code="c">HD</subfield>
    <subfield code="d">2015-08-06</subfield>
    <subfield code="l">0</subfield>
    <subfield code="p">12906-20</subfield>
    <subfield code="r">2020-06-25</subfield>
    <subfield code="t">e. 2</subfield>
    <subfield code="w">2020-06-25</subfield>
    <subfield code="y">LBS1</subfield>
    <subfield code="Z">No se presta</subfield>
  </datafield>
  <datafield tag="999" ind1=" " ind2=" ">
    <subfield code="c">12554</subfield>
    <subfield code="d">12554</subfield>
  </datafield>
</record>
